Ley 27541 de solidaridad y reactivación productiva (Registro nro. 20291)

Detalles MARC
000 -LEADER
fixed length control field 00367 a2200121 4500
001 - CONTROL NUMBER
control field ART_50978
005 - DATE AND TIME OF LATEST TRANSACTION
control field 20260410161758.0
008 - FIXED-LENGTH DATA ELEMENTS--GENERAL INFORMATION
fixed length control field 260409a
100 1# - MAIN ENTRY--PERSONAL NAME
Personal name Rolando, Félix José
245 10 - TITLE STATEMENT
Title Ley 27541 de solidaridad y reactivación productiva
700 1# - ADDED ENTRY--PERSONAL NAME
Personal name Dreiling, Paola E.
773 0# - HOST ITEM ENTRY
Title Doctrina tributaria
Related parts - N°481 (abr. 2020)
Record control number REV4296

No hay ítems disponibles.